| 000 | 00500nam a2200169 a 4500 | ||
|---|---|---|---|
| 005 | 20140412111236.0 | ||
| 008 | 010404s19uu xx 00 eng d | ||
| 020 | _a0-86734-032-0 | ||
| 050 |
_aTR(GS 372.4 _bREA 1983 |
||
| 245 |
_aReading workbook, 2nd grade : _bfor parents and teachers. |
||
| 260 |
_aCalifornia : _bFrank Schaffer Publications, Inc, _c1983. |
||
| 300 | _a48 p. ; ill. | ||
| 440 | _aBasic Learning Skills, Bk. 1 | ||
| 650 | _aReproducible | ||
| 650 | _aReading | ||
| 999 |
_c102449 _d102449 |
||